| 000 | 01936nam a2200457 c 4500 | ||
|---|---|---|---|
| 999 |
_c332864 _d332864 |
||
| 003 | BLK | ||
| 005 | 20230504124223.0 | ||
| 008 | 180409b bul|||||r ||||||| ||bul|| | ||
| 010 | _aKNG00141208000 | ||
| 020 | _a9789548585378 | ||
| 040 | _aBLK | ||
| 041 |
_aBUL _cBUL |
||
| 080 |
_aИкономическа наука. Основни понятия на икономическата теория. Стойност. Капитал. Фондове _b330.1 _z330.1 |
||
| 100 | 1 |
_aМизес, Лудвиг фон _eпърви автор _gМизес, Лудвиг Хайнрих Едлер фон _9299897 |
|
| 139 |
_aМизес, Лудвиг фон _bМ 53 |
||
| 245 | 1 | 0 |
_aВсесилната държава _bВъзходът на тоталната държава тоталната война _cЛудвиг фон Мизес; прев. от англ. Майя Маркова |
| 260 |
_bМаК _c2016 _aСофия |
||
| 300 |
_a432 с. _c22 см |
||
| 380 | _a3 | ||
| 500 | _aОриг. загл. Omnipotent goverment / Ludwig von Mises. | ||
| 650 | 4 |
_aИкономика - теория _9243191 |
|
| 650 | 4 |
_aТърговия _9174378 |
|
| 653 | _aикономика | ||
| 653 | _aпазарна икономика | ||
| 653 | _aценообразуване | ||
| 653 | _aлихви | ||
| 653 | _aвалута | ||
| 653 | _aкредити | ||
| 653 | _aикономическа политика | ||
| 659 | _aН | ||
| 700 | 1 |
_aМизес, Лудвиг Хайнрих Едлер фон _9372390 |
|
| 700 |
_aМаркова, Майя _eпрев. от англ. _9367678 |
||
| 852 | _aЦб 313659 | ||
| 856 | 4 | _qpdf | |
| 856 | 4 | _qpdf | |
| 942 |
_cKNG _n0 _010 _s1 |
||
| 944 |
_aCR _c2019-07-12 _kКатерина_Дюлгерова |
||
| 999 | _d332864 | ||